000 00378 a2200169 4500
001 192543
020 _a978-85-60911-39-4
040 _cMagnum
100 _aGabriel, Martha Carrer Cruz
240 1 0 _aInterfaces de voz da web
_lpor
245 1 0 _aInterfaces de voz da web
300 _a104
362 0 _a2011
440 1 _aMelo
697 _aLITERATURA GERAL
942 _cBK
999 _c192543
_d192543